VÁLLALATI PÉNZÜGYI TERVEZÉS ELMÉLETBEN ÉS GYAKORLATBAN

Bibliográfiai részletek
Szerző: Bessenyi Krisztina
További közreműködők: Ilyés Dr. Csaba
Dokumentumtípus: Diplomadolgozat
Kulcsszavak:pénzügyi tervezés
Üzleti tervezés
Financial Planning & Analysis
Online Access:http://dolgozattar.uni-bge.hu/9147

MARC

LEADER 00000nta a2200000 i 4500
001 dolg9147
005 20161216125540.0
008 161216suuuu hu om 000 hun d
040 |a BGE Dolgozattár Repozitórium  |b hun 
041 |a hu 
100 1 |a Bessenyi Krisztina 
245 1 0 |a VÁLLALATI PÉNZÜGYI TERVEZÉS ELMÉLETBEN ÉS GYAKORLATBAN  |c Bessenyi Krisztina  |h [elektronikus dokumentum] 
695 |a pénzügyi tervezés 
695 |a Üzleti tervezés 
695 |a Financial Planning & Analysis 
700 1 |a Ilyés Dr. Csaba  |e ths 
856 4 0 |u http://dolgozattar.uni-bge.hu/9147/1/Bessenyi_Krisztina_abm06o_szakdolgozat_v4.pdf  |z Dokumentum-elérés 
856 4 0 |u http://dolgozattar.uni-bge.hu/9147/2/Szakdolgozat%20egy%C3%A9b%20pap%C3%ADrok.pdf  |z Dokumentum-elérés